00580nam a22001817a 450000500170000001000270001702000260004403500140007003500140008403700130009808200130011110000200012424500780014426000470022227000450026930000340031450000500034820230209152258.0 aENG-118081 ENG-136185 a9789386050410c599.00 aEN-101613 aEN-119717 bDBAD/PUB a940.5425 aSwinson, Arthur aKohima:cby Arthur Swinsonbthe story of the greatest battle ever fought/ aNew DelhibSpeaking Tiger Publishingc2016 a4381/4 Ansari Road Daryaganj New Delhi-2 a350p.c23cm.(pbk)bB&W photos aIncludes bibliographical references and index